Former countries flags #1 (pretty hard) - Statistics

General Stats
  • This quiz has been taken 89 times
  • The average score is 8 of 25
Answer Stats
Picture Answer % Correct
Austria-Hungary
94%
Soviet Union
92%
Yugoslavia
92%
Prussia
88%
Ottoman Empire
74%
German Empire
72%
Zaire
62%
Holy Roman Empire
56%
Kampuchea
38%
Joseon
24%
Luhansk
20%
Rapa
20%
Galicia
16%
Venda
12%
Maratha
10%
Buganda
8%
Zulu
8%
Cochin
6%
Travancore
6%
Alo
4%
Couto Misto
4%
Sigave
4%
Imereti
2%
Kharkov
2%
Tahuata
2%
No matching quizzes found
Score Distribution
Percent of People with Each Score
Percentile by Number Answered
Your Score History
You have not taken this quiz